000
00299nam a22001097a 4500
020
_a
0333218396
082
_a
332.45 FLE
245
_a
flexible exchange rates and stabilization policy
260
_a
London
_b
The scandinavian journal of economocs
_c
1977
300
_a
vii, 280p.
_b
ill 23cm.
942
_c
BK
999
_c
14924
_d
14924